<?xml version="1.0" encoding="UTF-8"?>
<collection xmlns="http://www.loc.gov/MARC21/slim">
<record>
  <controlfield tag="001">1108</controlfield>
  <datafield tag="088" ind1=" " ind2=" ">
    <subfield code="a">WY0129</subfield>
  </datafield>
  <datafield tag="260" ind1=" " ind2=" ">
    <subfield code="c">1860ca</subfield>
  </datafield>
  <datafield tag="980" ind1=" " ind2=" ">
    <subfield code="a">59476936857</subfield>
  </datafield>
  <datafield tag="520" ind1=" " ind2=" ">
    <subfield code="a">Juan Felipe Pena, partner of Juan Manuel Vaca, grantees of the Los Putos Rancho, ca 1860</subfield>
  </datafield>
  <datafield tag="960" ind1=" " ind2=" ">
    <subfield code="a">wy</subfield>
  </datafield>
</record>
</collection>